When Mirrors Are windows/ (Record no. 196694)

MARC details
000 -LEADER
fixed length control field 00600nam a2200193 4500
005 - DATE AND TIME OF LATEST TRANSACTION
control field 20230720153310.0
010 ## - LCCN (DPL NO)
LC control number ENG-137502
020 ## - INTERNATIONAL STANDARD BOOK NUMBER
International Standard Book Number 0199463603
Terms of availability 1195.00
035 ## - SYSTEM CONTROL NUMBER
System control number EN-121034
037 ## - SOURCE OF ACQUISITION
Source of stock number/acquisition DBAD/PUB
082 ## - DEWEY DECIMAL CLASSIFICATION NUMBER
Classification number 880.092
100 ## - MAIN ENTRY--PERSONAL NAME
Personal name Rodriguez, Guillermo
245 ## - TITLE STATEMENT
Title When Mirrors Are windows/
Remainder of title Guillermo Rodriguez
246 ## - VARYING FORM OF TITLE
Title proper/short title A view of A. K. Ramanujan's Poetics
260 ## - PUBLICATION, DISTRIBUTION, ETC. (IMPRINT)
Place of publication, distribution, etc Delhi
Name of publisher, distributor, etc Oxford University Press
270 ## - ADDRESS
Address YMCA Library Building, Jai Singh Road,
City New Delhi
Postal code 110001
300 ## - PHYSICAL DESCRIPTION
Extent xxii;544p.
Other physical details Index
Dimensions 23cm(hb)
942 ## - ADDED ENTRY ELEMENTS (KOHA)
Source of classification or shelving scheme Dewey Decimal Classification
Item type English Books
Classification part 880.092
Call number suffix dUP
Holdings
Withdrawn status Lost status Not for loan Collection code Home library Current library Date acquired Source of acquisition Cost, normal purchase price Full call number Barcode Copy number Cost, replacement price Koha item type
      Non-fiction Sarojini Nagar Sarojini Nagar 20/07/2023 DBAD/PUB 1195.00 880.092 WHE EN-121034 1 1195.00 English Books

© Delhi Public Library
Hit Counter
free hit counter